Il mio canto libero - Lucio Battisti - Testo completo - Statistics

Statistiche generali
  • Questo quiz è stato fatto 320 volte
  • Il punteggio medio è 151 su 215
Statistiche sulle risposte
Risposta % Corretto
i
100%
canto
99%
il
99%
libero
99%
mi
99%
se
99%
tu
99%
in
98%
sei
98%
a
97%
mio
97%
che
96%
e
96%
è
96%
un
96%
ci
95%
mondo
95%
93%
la
93%
noi
93%
non
93%
più
92%
si
92%
di
91%
vuole
91%
al
90%
del
88%
tuo
88%
occhi
84%
tuoi
83%
degli
82%
limite
82%
l'immensità
82%
intorno
81%
apre
80%
da
77%
nasce
77%
te
77%
amore
76%
prigioniero
76%
sentimento
75%
io
73%
vero
73%
mezzo
71%
verità
71%
pianto
70%
liberi
67%
va
67%
d'amore
66%
della
66%
gente
66%
passato
63%
respiriamo
63%
indifferente
62%
vola
62%
accuse
59%
dei
59%
nuda
59%
sulle
59%
suoi
59%
tutti
59%
altissimo
58%
anelito
57%
immacolato
57%
fantasmi
55%
lascia
55%
retaggi
55%
lo
53%
s'innalza
53%
cadendo
52%
nuove
50%
emozioni
49%
offre
49%
quadro
48%
veste
48%
sensazioni
46%
sorretto
46%
vento
46%
giovani
45%
ma
45%
vuoi
43%
tiepido
42%
compagna
41%
l'immagine
41%
limpida
41%
ormai
41%
dolce
39%
purissime
37%
sai
36%
s'alza
36%
riscopro
35%
fianco
30%
avrai
29%
esprimono
29%
selvatiche
27%
andrai
26%
boschi
26%
rose
26%
abbandonati
25%
case
25%
ovunque
25%
dalle
22%
vergini
22%
giorno
21%
perciò
21%
pietre
21%
ricoperte
21%
abbracciano
19%
aprono
19%
sopravvissuti
18%
chiamano
17%
rivivono
15%
domandare
10%
Nessun quiz corrispondente trovato
Distribuzione punteggi
Percentuale di utenti per punteggio
Percentile per numero di risposta
I tuoi punteggi nel tempo
Non hai fatto questo quiz